| 000 | 00656nam a2200193 i 4500 | ||
|---|---|---|---|
| 001 | 100073 | ||
| 003 | ES-MaACL | ||
| 005 | 20250915063043.0 | ||
| 007 | t| | ||
| 008 | 050921s1977 zzz ||||1| spa d | ||
| 100 | 1 |
_aMartínez Val, José María, _d1916- _978455 |
|
| 245 | 1 | 3 |
_aEl pensamiento político de Cambó / _cJosé María Martínez Val. |
| 260 |
_a[S.l. : _bs.n.], _c1977. |
||
| 300 |
_aP. [89]-115 ; _c24 cm. |
||
| 595 | _aTirada aparte de: Revista general de legislación y jurisprudencia, t. LXXV, 1977. | ||
| 600 | 1 | 4 |
_aCambó, Francesc, _d1876-1947- _xPensamiento político _934033 |
| 852 |
_aES-MaACL _j2106-F-10 |
||
| 999 |
_c100073 _d100073 |
||